000 00307nam a22001337a 4500
008 170526b xxu||||| |||| 00| 0 eng d
020 _a639785334859
041 _aeng
080 _22ND
_a621.38
100 _a27
101 _aIM
245 _aELECTRONIC DEVICES AND CIRCUITS
_cCATHEY,J.J
942 _2udc
_cBK
999 _c14559
_d14559